000
00225nam a22000977a 4500
100
_a
Singh,LN.
_9
80200
245
_a
Hinduism and Indian Culture
260
_a
Delhi
_b
Academic Book
_c
2017
650
_a
Culture
_9
80201
942
_c
BK
999
_c
63640
_d
63640